000 00347nam a2200145Ia 4500
003 SEM
008 141116s9999 xx 000 0 und d
080 _a891.981 Ս-15
100 _aՍահյան Համո
245 _aԲանաստեղծություններ Հ. Ա
260 _aԵրևան
260 _c1967
300 _a426
942 _2udc
_cBK
999 _c46594
_d46594